=LDR 00000nam 2200000 4500 =001 INLIS000000000027194 =005 20130612125605 =008 ***********************************Ind** =035 ##$$0010-061300000027194 =041 ##$$a Ind =082 ##$$a 650.1 =090 ##$$a 650.1, Riz s =100 ##$$a Riznanto, Ahmad =245 ##$$a Smart work, rahasia terbesar para jutawan sukses, oleh Ahmad Riznanto ; editor, M. Yasir Abdul Muthalib =260 ##$$a 2006 $b Jakarta =300 ##$$a xvi, 116 hlm, 20 cm =650 ##$$a Sukses =850 ##$$a NBPNMAT =990 ##$$a 0001/BPAP-NTB/2016